<?xml version="1.0" encoding="UTF-8"?>
<record
    xmlns:xsi="http://www.w3.org/2001/XMLSchema-instance"
    xsi:schemaLocation="http://www.loc.gov/MARC21/slim http://www.loc.gov/standards/marcxml/schema/MARC21slim.xsd"
    xmlns="http://www.loc.gov/MARC21/slim">

  <leader>00358nam a2200169Ia 4500</leader>
  <datafield tag="100" ind1=" " ind2=" ">
    <subfield code="a">Dalal/Upena </subfield>
  </datafield>
  <datafield tag="650" ind1=" " ind2=" ">
    <subfield code="a">Communication</subfield>
  </datafield>
  <datafield tag="942" ind1=" " ind2=" ">
    <subfield code="c">BK</subfield>
  </datafield>
  <datafield tag="366" ind1=" " ind2=" ">
    <subfield code="f">20</subfield>
  </datafield>
  <datafield tag="654" ind1=" " ind2=" ">
    <subfield code="a">wireless</subfield>
  </datafield>
  <datafield tag="245" ind1=" " ind2=" ">
    <subfield code="a">Wireless communication</subfield>
  </datafield>
  <datafield tag="260" ind1=" " ind2=" ">
    <subfield code="b">Oxford Higher Education</subfield>
    <subfield code="c">2009</subfield>
  </datafield>
  <datafield tag="082" ind1=" " ind2=" ">
    <subfield code="a">621.382</subfield>
    <subfield code="b">DAL</subfield>
  </datafield>
  <datafield tag="300" ind1=" " ind2=" ">
    <subfield code="a">772</subfield>
  </datafield>
  <datafield tag="546" ind1=" " ind2=" ">
    <subfield code="a">ENGLISH</subfield>
    <subfield code="c">TTL</subfield>
  </datafield>
  <datafield tag="999" ind1=" " ind2=" ">
    <subfield code="c">32981</subfield>
    <subfield code="d">32981</subfield>
  </datafield>
  <datafield tag="952" ind1=" " ind2=" ">
    <subfield code="0">0</subfield>
    <subfield code="1">0</subfield>
    <subfield code="4">0</subfield>
    <subfield code="7">0</subfield>
    <subfield code="8">CRC</subfield>
    <subfield code="a">CRCE</subfield>
    <subfield code="b">CRCE</subfield>
    <subfield code="d">2023-03-17</subfield>
    <subfield code="e">Professional Book House.</subfield>
    <subfield code="g">292.00</subfield>
    <subfield code="i">13 at 09/07/2010</subfield>
    <subfield code="l">0</subfield>
    <subfield code="o">621.382 DAL</subfield>
    <subfield code="p">20687</subfield>
    <subfield code="r">2023-03-17</subfield>
    <subfield code="v">365.00</subfield>
    <subfield code="w">0000-00-00</subfield>
    <subfield code="y">BK</subfield>
  </datafield>
  <datafield tag="952" ind1=" " ind2=" ">
    <subfield code="0">0</subfield>
    <subfield code="1">0</subfield>
    <subfield code="4">0</subfield>
    <subfield code="7">0</subfield>
    <subfield code="8">CRC</subfield>
    <subfield code="a">CRCE</subfield>
    <subfield code="b">CRCE</subfield>
    <subfield code="d">2023-03-17</subfield>
    <subfield code="e">Professional Book House.</subfield>
    <subfield code="g">292.00</subfield>
    <subfield code="i">13 at 09/07/2010</subfield>
    <subfield code="l">0</subfield>
    <subfield code="o">621.382 DAL</subfield>
    <subfield code="p">20688</subfield>
    <subfield code="r">2023-03-17</subfield>
    <subfield code="v">365.00</subfield>
    <subfield code="w">0000-00-00</subfield>
    <subfield code="y">BK</subfield>
  </datafield>
  <datafield tag="952" ind1=" " ind2=" ">
    <subfield code="0">0</subfield>
    <subfield code="1">0</subfield>
    <subfield code="4">0</subfield>
    <subfield code="7">0</subfield>
    <subfield code="8">CRC</subfield>
    <subfield code="a">CRCE</subfield>
    <subfield code="b">CRCE</subfield>
    <subfield code="d">2023-03-17</subfield>
    <subfield code="e">Professional Book House.</subfield>
    <subfield code="g">292.00</subfield>
    <subfield code="i">13 at 09/07/2010</subfield>
    <subfield code="l">0</subfield>
    <subfield code="o">621.382 DAL</subfield>
    <subfield code="p">20689</subfield>
    <subfield code="r">2023-03-17</subfield>
    <subfield code="v">365.00</subfield>
    <subfield code="w">0000-00-00</subfield>
    <subfield code="y">BK</subfield>
  </datafield>
  <datafield tag="952" ind1=" " ind2=" ">
    <subfield code="0">0</subfield>
    <subfield code="1">0</subfield>
    <subfield code="4">0</subfield>
    <subfield code="7">0</subfield>
    <subfield code="8">CRC</subfield>
    <subfield code="a">CRCE</subfield>
    <subfield code="b">CRCE</subfield>
    <subfield code="d">2023-03-17</subfield>
    <subfield code="e">Professional  Book House</subfield>
    <subfield code="g">292.00</subfield>
    <subfield code="i">20 dt 16/07/2010</subfield>
    <subfield code="l">0</subfield>
    <subfield code="o">621.382 DAL</subfield>
    <subfield code="p">20693</subfield>
    <subfield code="r">2023-03-17</subfield>
    <subfield code="v">365.00</subfield>
    <subfield code="w">0000-00-00</subfield>
    <subfield code="y">BK</subfield>
  </datafield>
  <datafield tag="952" ind1=" " ind2=" ">
    <subfield code="0">0</subfield>
    <subfield code="1">0</subfield>
    <subfield code="4">0</subfield>
    <subfield code="7">0</subfield>
    <subfield code="8">CRC</subfield>
    <subfield code="a">CRCE</subfield>
    <subfield code="b">CRCE</subfield>
    <subfield code="d">2023-03-17</subfield>
    <subfield code="e">Professional  Book House</subfield>
    <subfield code="g">292.00</subfield>
    <subfield code="i">20 dt 16/07/2010</subfield>
    <subfield code="l">0</subfield>
    <subfield code="o">621.382 DAL</subfield>
    <subfield code="p">20694</subfield>
    <subfield code="r">2023-03-17</subfield>
    <subfield code="v">365.00</subfield>
    <subfield code="w">0000-00-00</subfield>
    <subfield code="y">BK</subfield>
  </datafield>
  <datafield tag="952" ind1=" " ind2=" ">
    <subfield code="0">0</subfield>
    <subfield code="1">0</subfield>
    <subfield code="4">0</subfield>
    <subfield code="7">0</subfield>
    <subfield code="8">CRC</subfield>
    <subfield code="a">CRCE</subfield>
    <subfield code="b">CRCE</subfield>
    <subfield code="d">2023-03-17</subfield>
    <subfield code="e">Professional  Book House</subfield>
    <subfield code="g">292.00</subfield>
    <subfield code="i">20 dt 16/07/2010</subfield>
    <subfield code="l">0</subfield>
    <subfield code="o">621.382 DAL</subfield>
    <subfield code="p">20695</subfield>
    <subfield code="r">2023-03-17</subfield>
    <subfield code="v">365.00</subfield>
    <subfield code="w">0000-00-00</subfield>
    <subfield code="y">BK</subfield>
  </datafield>
  <datafield tag="952" ind1=" " ind2=" ">
    <subfield code="0">0</subfield>
    <subfield code="1">0</subfield>
    <subfield code="4">0</subfield>
    <subfield code="7">0</subfield>
    <subfield code="8">CRC</subfield>
    <subfield code="a">CRCE</subfield>
    <subfield code="b">CRCE</subfield>
    <subfield code="d">2023-03-17</subfield>
    <subfield code="e">Professional  Book House</subfield>
    <subfield code="g">292.00</subfield>
    <subfield code="i">20 dt 16/07/2010</subfield>
    <subfield code="l">0</subfield>
    <subfield code="o">621.382 DAL</subfield>
    <subfield code="p">20696</subfield>
    <subfield code="r">2023-03-17</subfield>
    <subfield code="v">365.00</subfield>
    <subfield code="w">0000-00-00</subfield>
    <subfield code="y">BK</subfield>
  </datafield>
  <datafield tag="952" ind1=" " ind2=" ">
    <subfield code="0">0</subfield>
    <subfield code="1">0</subfield>
    <subfield code="4">0</subfield>
    <subfield code="7">0</subfield>
    <subfield code="8">CRC</subfield>
    <subfield code="a">CRCE</subfield>
    <subfield code="b">CRCE</subfield>
    <subfield code="d">2023-03-17</subfield>
    <subfield code="e">Professional  Book House</subfield>
    <subfield code="g">292.00</subfield>
    <subfield code="i">20 dt 16/07/2010</subfield>
    <subfield code="l">0</subfield>
    <subfield code="o">621.382 DAL</subfield>
    <subfield code="p">20697</subfield>
    <subfield code="r">2023-03-17</subfield>
    <subfield code="v">365.00</subfield>
    <subfield code="w">0000-00-00</subfield>
    <subfield code="y">BK</subfield>
  </datafield>
  <datafield tag="952" ind1=" " ind2=" ">
    <subfield code="0">0</subfield>
    <subfield code="1">0</subfield>
    <subfield code="4">0</subfield>
    <subfield code="7">0</subfield>
    <subfield code="8">CRC</subfield>
    <subfield code="a">CRCE</subfield>
    <subfield code="b">CRCE</subfield>
    <subfield code="d">2023-03-17</subfield>
    <subfield code="e">Professional  Book House</subfield>
    <subfield code="g">292.00</subfield>
    <subfield code="i">20 dt 16/07/2010</subfield>
    <subfield code="l">0</subfield>
    <subfield code="o">621.382 DAL</subfield>
    <subfield code="p">20698</subfield>
    <subfield code="r">2023-03-17</subfield>
    <subfield code="v">365.00</subfield>
    <subfield code="w">0000-00-00</subfield>
    <subfield code="y">BK</subfield>
  </datafield>
  <datafield tag="952" ind1=" " ind2=" ">
    <subfield code="0">0</subfield>
    <subfield code="1">0</subfield>
    <subfield code="4">0</subfield>
    <subfield code="7">0</subfield>
    <subfield code="8">CRC</subfield>
    <subfield code="a">CRCE</subfield>
    <subfield code="b">CRCE</subfield>
    <subfield code="d">2023-03-17</subfield>
    <subfield code="e">Professional  Book House</subfield>
    <subfield code="g">292.00</subfield>
    <subfield code="i">20 dt 16/07/2010</subfield>
    <subfield code="l">0</subfield>
    <subfield code="o">621.382 DAL</subfield>
    <subfield code="p">20699</subfield>
    <subfield code="r">2023-03-17</subfield>
    <subfield code="v">365.00</subfield>
    <subfield code="w">0000-00-00</subfield>
    <subfield code="y">RB</subfield>
  </datafield>
</record>
